00962nam a2200241 a 450000100060000000300080000600500170001400800410003102000170007203500190008904000350010804100080014308200240015110000480017524500800022326000880030330000660039165000530045765000280051094200120053899900170055095201530056772176BD-RjUL20211209082224.0170514s1988 bg a|||| |||| 000 0 ben d c: Tk. 115.00 a(BD-RjUL)72392 aBD-RjULbbencBD-RjULdBD-RjUL aben 223a595.7bRAJ 19881 aরহমান, রেজাউর912588710aজলচর কীটপতঙ্গ /cরেজাউর রহমান aঢাকা :bবাংলা একাডেমী,c১৯৮৮ [১৩৯৫] a৩২৮ পৃ. :bচিত্র. ;c২৭ সেমি. aজলজ পোকামাকড়9213447 aAquatic insects9213448 2ddccBK c72176d72176 00102ddc40718NFICaRUCLbRUCLcReadingd1990-06-25eBangla Academi, Dhakag115.00l0oB 595.7 RAJ 1988r2017-05-14 00:00:00tC-1w2017-05-14yBK